000 00633nam a2200193Ia 4500
003 GCL
008 140319s9999 xx 000 0 ara d
040 _aGCL /
_cGCL
082 0 4 _a251.22
_bع ا
100 1 _aعبداللطيف عامر
245 1 0 _aاحكام الاسرى والسبايا فى الحروب الاسلامية /
_cعبداللطيف عامر
260 _a[S.N] :
_bدار الكتب الاسلامية ،
_c1986
300 _a398 ص
490 _a
650 0 4 _aالاحكام الشرعية
650 0 4 _aالشريعة الاسلامية
650 0 4 _aالاسلام والسياسة
942 _2ddc
_cBK
999 _c45087
_d45087